Love and other unknown variables / Shannon Lee ... Read More
Available copies
- 1 of 1 copy available at LARL/NWRL Consortium.
- 1 of 1 copy available at Lake Agassiz Regional Library. (Show preferred library)
Current holds
0 current holds with 1 total copy.
Show Only Available Copies
| Location | Call Number / Copy Notes | Barcode | Shelving Location | Status | Due Date |
|---|---|---|---|---|---|
| Moorhead Public Library | Y ALE (Text) | 33500012015798 | Main | Available | - |
Record details
- ISBN: 9781622664672
- ISBN: 1622664671
- Physical Description: 329 pages ; 22 cm
- Edition: First edition October 2014.
- Publisher: Fort Collins, CO : Entangled Teen, an imprint of Entangled Publishing, LLC, 2014.
Content descriptions
| General Note: | In the title, the "o" in "love" is represented by a heart the final "n" in "unknown" is represented ... Read More "A Heather Howland Collection book"--Jacket. |
| Summary, etc.: | Charlie Hanson has a clear vision of his future. A ... Read More |
Search for related items by subject
| Genre: | Love stories. |
| LDR | 03047cam a2200481Ii 4500 | ||
|---|---|---|---|
| 001 | 175924 | ||
| 003 | LARL_NWRL_CONSORTIUM | ||
| 005 | 20150218100121.0 | ||
| 008 | 140213s2014 cou d 000 f eng d | ||
| 020 | . | ‡a9781622664672 ‡q(hardcover) | |
| 020 | . | ‡a1622664671 ‡q(hardcover) | |
| 035 | . | ‡a(OCoLC)870517072 | |
| 040 | . | ‡aYDXCP ‡beng ‡erda ‡cYDXCP ‡dBDX ‡dOI6 ‡dZQP ‡dFOLLT ‡dOCLCO ‡dFOLLT ‡dOCLCO ‡dOCLCQ ‡dZAC | |
| 050 | 1 | 4. | ‡aF ‡bAlexander Shannon |
| 082 | 0 | 4. | ‡a[Fic] ‡223 |
| 100 | 1 | . | ‡aAlexander, Shannon Lee, ‡eauthor. |
| 245 | 1 | 0. | ‡aLove and other unknown variables / ‡cShannon Lee Alexander. |
| 246 | 3 | . | ‡aLove & other unknown variables |
| 250 | . | ‡aFirst edition October 2014. | |
| 260 | . | ‡aFort Collins, CO : ‡bEntangled Teen, an imprint of Entangled Publishing, LLC, ‡c2014. | |
| 300 | . | ‡a329 pages ; ‡c22 cm | |
| 336 | . | ‡atext ‡btxt ‡2rdacontent | |
| 337 | . | ‡aunmediated ‡bn ‡2rdamedia | |
| 338 | . | ‡avolume ‡bnc ‡2rdacarrier | |
| 385 | . | ‡mAge group ‡aEarly Adolescents ‡2ericd | |
| 500 | . | ‡aIn the title, the "o" in "love" is represented by a heart the final "n" in "unknown" is represented by the sign for pi, and the "v" in "variables" is represented by the complex square root symbol. | |
| 500 | . | ‡a"A Heather Howland Collection book"--Jacket. | |
| 520 | . | ‡aCharlie Hanson has a clear vision of his future. A senior at Brighton School of Mathematics and Science, he knows he'll graduate, go to MIT, and inevitably discover solutions to the universe's greatest unanswered questions. He's that smart. But Charlie's future blurs the moment he reaches out to touch the tattoo on a beautiful girl's neck. The future has never seemed very kind to Charlotte Finch, so she's counting on the present. She's not impressed by the strange boy at the donut shop--until she learns he's a student at Brighton where her sister has just taken a job as the English teacher. With her encouragement, Charlie orchestrates the most effective prank campaign in Brighton history. But, in doing so, he puts his own future in jeopardy. By the time he learns she's ill--and that the pranks were a way to distract Ms. Finch from Charlotte's illness--Charlotte' gravitational pull is too great to overcome. Soon he must choose between the familiar formulas he's always relied on or the girl he's falling for (at far more than 32 feet per second squared). | |
| 650 | 0. | ‡aChemistry ‡vJuvenile fiction. | |
| 650 | 0. | ‡aPhysics ‡vJuvenile fiction. | |
| 650 | 0. | ‡aTerminally ill ‡vJuvenile fiction. | |
| 650 | 0. | ‡aLove stories ‡vFiction. | |
| 650 | 1. | ‡aChemistry ‡vFiction. | |
| 650 | 1. | ‡aPhysics ‡vFiction. | |
| 650 | 1. | ‡aTerminally ill ‡vFiction. ‡0(LARL_NWRL_CONSORTIUM)167693 | |
| 650 | 1. | ‡aLove ‡vFiction. ‡0(LARL_NWRL_CONSORTIUM)176088 | |
| 655 | 0. | ‡aLove stories. | |
| 948 | . | ‡hNO HOLDINGS IN LAL - 165 OTHER HOLDINGS | |
| 994 | . | ‡aZ0 ‡bLAL | |
| 901 | . | ‡a175924 ‡bOCLC ‡c175924 ‡tbiblio | |

Add to basket
Permalink
Disable Highlighting